[Event "Barcelona Sant Marti op 7th"]
[Site "Barcelona"]
[Date "2018.02.08"]
[Round "5"]
[White "Del Castillo Lite, Sergio"]
[Black "Gonzalez Parra, Andres"]
[Result "0-1"]
[WhiteElo "1542"]
[BlackElo "1730"]
[PlyCount "86"]
[EventDate "2018.01.11"]
[EventType "swiss"]
[EventRounds "9"]
[EventCountry "ESP"]
[SourceTitle "EXT 2019"]
[Source "ChessBase"]
[SourceDate "2018.10.10"]
[SourceVersion "1"]
[SourceVersionDate "2018.10.10"]
[SourceQuality "1"]

1. e4 Nc6 2. Nf3 e5 3. Bc4 Bc5 4. c3 d6 5. b4 Bb6 6. a4 a5 7. b5 Nce7 8. d4 Be6 9. Bxe6 fxe6 10. dxe5 h6 11. 0-0 Qd7 12. exd6 cxd6 13. e5 d5 14. Be3 Bxe3 15. fxe3 Nf5 16. Nd4 Nge7 17. Nxf5 Nxf5 18. Qh5+ Kd8 19. e4 Ne7 20. Qf7 Rg8 21. Na3 b6 22. Nc4 Kc7 23. exd5 Nxd5 24. Qxd7+ Kxd7 25. Rad1 Ke7 26. Rf3 Rac8 27. Nd6 Rcf8 28. Rxf8 Rxf8 29. c4 Nc3 30. Rd2 Nxa4 31. Nb7 Rc8 32. Nd6 Rf8 33. Nb7 Rb8 34. Nd6 Rd8 35. Rf2 Rf8 36. Rxf8 Kxf8 37. Kf2 Ke7 38. Kf3 Kd7 39. g4 Nc5 40. Nf7 a4 41. g5 h5 42. h4 a3 43. Nd6 a2 0-1